Countries by Mythical Creatures - Statistics

General Stats
  • This quiz has been taken 52 times
    51 since last reset
  • The average score is 9 of 20
Answer Stats
Hint Answer % Correct
Sphinx Egypt
90%
Leprechaun Ireland
83%
Vampire Bulgaria/Romania
73%
Banshee Ireland
68%
Sasquatch Canada
65%
Bigfoot Canada
65%
Dragon China
65%
Yeti Nepal
65%
Cerberus Greece
63%
Centaur Greece
60%
Troll Norway
40%
Elf Norway
33%
Dwarf Germany
28%
Zombie Haiti
25%
Phoenix Egypt
20%
Golem Germany
18%
Manticore Iran/Persia
15%
Werewolf Switzerland
8%
Unicorn China/India
5%
Mermaid Syria
3%
No matching quizzes found
Score Distribution
Percent of People with Each Score
Percentile by Number Answered
Your Score History
You have not taken this quiz since the last reset